| 000 | 00492nam a22001697a 4500 | ||
|---|---|---|---|
| 999 |
_c7874 _d7874 |
||
| 005 | 20240305105448.0 | ||
| 008 | 240305b ||||| |||| 00| 0 eng d | ||
| 020 | _a9788466431415 | ||
| 040 | _aCDMR | ||
| 100 |
_94941 _aPicó, Alfred |
||
| 245 |
_aManual de supervivència d'una dona soltera _c/ Alfred Picó |
||
| 260 |
_aBarcelona : _bColumna, _c2024 |
||
| 300 | _a344 pàgines | ||
| 490 |
_aClàssica ; _v1429 |
||
| 650 | 0 |
_92367 _aComunicació _xAspectes psicològics |
|
| 942 |
_2udc _cMON |
||